| 000 -LEADER |
| fixed length control field |
01433cam a2200421 i 4500 |
| 001 - CONTROL NUMBER |
| control field |
20358960 |
| 003 - CONTROL NUMBER IDENTIFIER |
| control field |
NUST |
| 005 - DATE AND TIME OF LATEST TRANSACTION |
| control field |
20190308090220.0 |
| 008 - FIXED-LENGTH DATA ELEMENTS--GENERAL INFORMATION |
| fixed length control field |
180215t20172017nz b 000 0 eng |
| 010 ## - LIBRARY OF CONGRESS CONTROL NUMBER |
| LC control number |
2017467426 |
| 020 ## - INTERNATIONAL STANDARD BOOK NUMBER |
| International Standard Book Number |
9789699837043 |
| 020 ## - INTERNATIONAL STANDARD BOOK NUMBER |
| International Standard Book Number |
9699837047 |
| 035 ## - SYSTEM CONTROL NUMBER |
| System control number |
(OCoLC)on1000576636 |
| 038 ## - RECORD CONTENT LICENSOR |
| Staff Name |
waseem |
| 040 ## - CATALOGING SOURCE |
| Original cataloging agency |
NZ1 |
| Language of cataloging |
eng |
| Transcribing agency |
NZ1 |
| Description conventions |
rda |
| Modifying agency |
OCLCF |
| -- |
COO |
| -- |
OCLCO |
| -- |
DLC |
| 042 ## - AUTHENTICATION CODE |
| Authentication code |
nznb |
| -- |
lccopycat |
| 050 00 - LIBRARY OF CONGRESS CALL NUMBER |
| Classification number |
BP75 |
| Item number |
.A49 2017 |
| 082 04 - DEWEY DECIMAL CLASSIFICATION NUMBER |
| Classification number |
297.63 |
| Author Mark |
AFR |
| 100 0# - MAIN ENTRY--PERSONAL NAME |
| Personal name |
Afrasiab |
| Relator term |
author. |
| 9 (RLIN) |
9224 |
| 245 14 - TITLE STATEMENT |
| Title |
The greatest man in history is Muhammad / |
| Statement of responsibility, etc. |
Afrasiab, Ambassador of Pakistan. |
| 246 18 - VARYING FORM OF TITLE |
| Title proper/short title |
Muhammad |
| 264 #1 - PRODUCTION, PUBLICATION, DISTRIBUTION, MANUFACTURE, AND COPYRIGHT NOTICE |
| Place of production, publication, distribution, manufacture |
[Wellington, New Zealand] : |
| Name of producer, publisher, distributor, manufacturer |
A Jellyman New Zealand Paperback Publication, |
| Date of production, publication, distribution, manufacture, or copyright notice |
[2017] |
| 264 #4 - PRODUCTION, PUBLICATION, DISTRIBUTION, MANUFACTURE, AND COPYRIGHT NOTICE |
| Date of production, publication, distribution, manufacture, or copyright notice |
©2017 |
| 300 ## - PHYSICAL DESCRIPTION |
| Extent |
vii, 641 pages ; |
| Dimensions |
24 cm |
| 336 ## - CONTENT TYPE |
| Content type term |
text |
| Source |
rdacontent |
| 337 ## - MEDIA TYPE |
| Media type term |
unmediated |
| Source |
rdamedia |
| 338 ## - CARRIER TYPE |
| Carrier type term |
volume |
| Source |
rdacarrier |
| 504 ## - BIBLIOGRAPHY, ETC. NOTE |
| Bibliography, etc. note |
Includes bibliographical references. |
| 600 00 - SUBJECT ADDED ENTRY--PERSONAL NAME |
| Personal name |
Muḥammad, |
| Titles and other words associated with a name |
Prophet, |
| Dates associated with a name |
-632. |
| 9 (RLIN) |
6565 |
| 600 07 - SUBJECT ADDED ENTRY--PERSONAL NAME |
| Personal name |
Muḥammad, |
| Titles and other words associated with a name |
Prophet, |
| Dates associated with a name |
-632. |
| Source of heading or term |
fast |
| Authority record control number or standard number |
(OCoLC)fst01836298 |
| 9 (RLIN) |
6565 |
| 650 #0 - SUBJECT ADDED ENTRY--TOPICAL TERM |
| Topical term or geographic name entry element |
Islam. |
| 9 (RLIN) |
174 |
| 650 #0 - SUBJECT ADDED ENTRY--TOPICAL TERM |
| Topical term or geographic name entry element |
Islam |
| General subdivision |
History. |
| 9 (RLIN) |
6120 |
| 650 #7 - SUBJECT ADDED ENTRY--TOPICAL TERM |
| Topical term or geographic name entry element |
Islam. |
| Source of heading or term |
fast |
| Authority record control number or standard number |
(OCoLC)fst00979776 |
| 9 (RLIN) |
174 |
| 655 #7 - INDEX TERM--GENRE/FORM |
| Genre/form data or focus term |
History. |
| Source of term |
fast |
| Authority record control number |
(OCoLC)fst01411628 |
| 9 (RLIN) |
13777 |
| 906 ## - LOCAL DATA ELEMENT F, LDF (RLIN) |
| a |
7 |
| b |
cbc |
| c |
copycat |
| d |
3 |
| e |
ncip |
| f |
20 |
| g |
y-gencatlg |
| 942 ## - ADDED ENTRY ELEMENTS (KOHA) |
| Source of classification or shelving scheme |
|
| Koha item type |
Book |